000 00556nam a2200181Ia 4500
008 090124s9999 xx 000 0 und d
082 _b31224
_a2236
100 _aनाडकर्णी सुरेश.
245 _a आधुनिक एकलव्य
250 _a1
260 _c2002
300 _a59
600 _aनाडकर्णी सुरेश.
630 _a आधुनिक एकलव्य
700 _aनाडकर्णी सुरेश.
730 _a आधुनिक एकलव्य
942 _cBOOK
999 _c144703
_d144703